000 00650nam a2200229Ia 4500
003 OSt
005 20220928115430.0
006 a|||||r|||| 00| 0
007 ta
008 220927b |||||||| |||| 00| 0 eng d
024 _a19694
037 _cTextual
040 _aSDCL
_cSDCL
_beng
041 _2eng
_aeng
082 _aS:86:(T).2'N9, P1
100 _aKapur Malavika
_9399264
245 0 _aPsychotherapy training in India
260 _aBangalore
_bNational Institute of Mental Health and Neuro Sciences
_c2001
300 _axi,194p.
_ccm.
942 _hS:86:(T).2'N9, P1
_cTEXL
_2CC
999 _c759374
_d759374